000 00465nam a2200181Ia 4500
008 090122s9999 xx 000 0 und d
082 _b11989
100 _aCONNELLY
_bMICHAEL
245 _aTHE BLACK ECHO
260 _bORION
_c1997
300 _a456
501 _aरोहीत बुक सेंटर / बि. नं. 2718-16.8.07
600 _aCONNELLY
630 _aTHE BLACK ECHO
700 _aCONNELLY
730 _aTHE BLACK ECHO
942 _cBOOK
999 _c36066
_d36066